Auszug aus der alten, mittleren, neueren und neuesten Geschichte (Record no. 9567)

MARC details
000 -CABECERA
campo de control de longitud fija 00888nam a2200265 a 4500
001 - NÚMERO DE CONTROL
campo de control BRL_755
005 - FECHA Y HORA DE LA ÚLTIMA TRANSACCIÓN
campo de control 20190320210900.0
008 - DATOS DE LONGITUD FIJA--INFORMACIÓN GENERAL
campo de control de longitud fija 021013s1937----gw-#######---#000-0#ger-#
041 ## - CÓDIGO DE LENGUA
Código de lengua del texto/banda sonora o título independiente ger
044 ## - CÓDIGO DEL PAÍS DE LA ENTIDAD EDITORA/PRODUCTORA
Código MARC del país gw
050 #4 - SIGNATURA TOPOGRÁFICA DE LA BIBLIOTECA DEL CONGRESO
Número de clasificación D21
Número de documento/Ítem .P56 1937
100 1# - ENTRADA PRINCIPAL--NOMBRE DE PERSONA
Nombre de persona Ploetz, Karl Julius
Fechas asociadas al nombre 1819-1881
9 (RLIN) 24846
245 10 - MENCIÓN DE TÍTULO
Título Auszug aus der alten, mittleren, neueren und neuesten Geschichte
Mención de responsabilidad, etc. von Karl Ploetz ; neu bearbeitet von Friederich Kähler
260 ## - PUBLICACIÓN, DISTRIBUCIÓN, ETC.
Lugar de publicación, distribución, etc. Berlin
Nombre del editor, distribuidor, etc. A. G. Ploetz
Fecha de publicación, distribución, etc. [1937]
300 ## - DESCRIPCIÓN FÍSICA
Extensión viii, 864, 88 p.
Dimensiones 18 cm.
500 ## - NOTA GENERAL
Nota general Daten der österreichischen Geschichte / zusammengestellt von Gottfried Franz Litschauer. 88 p.
500 ## - NOTA GENERAL
Nota general Au828
650 14 - PUNTO DE ACCESO ADICIONAL DE MATERIA--TÉRMINO DE MATERIA
Término de materia o nombre geográfico como elemento de entrada Historia
9 (RLIN) 8124
650 14 - PUNTO DE ACCESO ADICIONAL DE MATERIA--TÉRMINO DE MATERIA
Término de materia o nombre geográfico como elemento de entrada Historia antigua
9 (RLIN) 21404
650 14 - PUNTO DE ACCESO ADICIONAL DE MATERIA--TÉRMINO DE MATERIA
Término de materia o nombre geográfico como elemento de entrada Historia moderna
9 (RLIN) 15617
700 1# - PUNTO DE ACCESO ADICIONAL--NOMBRE DE PERSONA
Nombre de persona Kähler, Friedrich
9 (RLIN) 17156
740 0# - PUNTO DE ACCESO ADICIONAL--TÍTULO RELACIONADO O ANALÍTICO NO CONTROLADO
Título relacionado o analítico no controlado Daten der österreichischen Geschichte
902 ## - CATALOGADOR
Iniciales GRL
942 ## - ELEMENTOS DE PUNTO DE ACCESO ADICIONAL (KOHA)
Fuente del sistema de clasificación o colocación Library of Congress Classification
Tipo de ítem Koha Libros
Holdings
Estado de retiro Estado de pérdida Estado dañado No para préstamo Localización permanente Ubicación/localización actual Fecha de adquisición Número de inventario Total de préstamos Signatura topográfica completa Código de barras Fecha visto por última vez Precio válido a partir de Tipo de ítem Koha
El ejemplar forma parte de la colección y puede ser consultado según las políticas vigentes.       Biblioteca Centro de Estudios Ruth D. Lechuga Biblioteca Centro de Estudios Ruth D. Lechuga 02/10/2013 Au828   D21 .P56 1937 (Au828) GRL00826 22/03/2019 22/03/2019 Libros